000 00671nam a2200181 a 4500
003 0
005 20250609103717.0
008 021203s19uu xx 00 eng d
050 _aPHS BF 698.9.M87
_b.P34 2001
100 _aPagulayan, Allan Peter.
245 _aRelationship between music preference and personality of selected fourth year high school students /
_cAllan Peter Pagulayan.
260 _aLas PiƱas City, Philippines :
_bSouthville International School and Colleges,
_c2001.
300 _a21 pages ;
_c28 cm.
650 _aMusic
_xPsychological aspects.
650 _aPersonality and music.
650 _aMusic preferences
_zPhilippines.
942 _2lcc
_cPASS
999 _c96544
_d96544